00943nam a2200193 i 4500001000700000003000900007005001700016008004100033040002000074100003200094245015000126260008100276300004400357490006800401830007200469852006400541999001900605952012500624158659ES-MaACL20240126182846.0040902s1856 fr a |||| | ita d aCAM bspa cCAM1 aManzoni, Alessandro.97623812aI promessi sposi b: storia milanesa del secolo XVII / cscoperta e rifatta da Alessandro Manzoni; edizione fatta su quella riveduta dall'autore. aParigi : bVª Baudry libreria europea, c1856 (fTypographie de Ch. Lahure) aIV, 471 p., [1] h. de lám. ; c21 cm.1 aCollezione de' migliori autori italiani antichi e moderni ; v10 aCollezione de' miglori autori italiani antichi e moderniv19221518 aES-MaACLjC-2864 z-- Enc. hol. z-- Legado M. de la Fuente c158659d158659 001040708LIBXIXaATENEOMbATENEOMcSPALd2008-01-17eSSCl0oC-2864p1166067r2023-02-23 00:00:00w2023-02-23yMONANT